| 000 -LEADER |
| fixed length control field |
01331 a2200289 4500 |
| 003 - CONTROL NUMBER IDENTIFIER |
| control field |
NUST |
| 005 - DATE AND TIME OF LATEST TRANSACTION |
| control field |
20221121140526.0 |
| 010 ## - LIBRARY OF CONGRESS CONTROL NUMBER |
| LC control number |
89025089 |
| 020 ## - INTERNATIONAL STANDARD BOOK NUMBER |
| International Standard Book Number |
0471619833 |
| 040 ## - CATALOGING SOURCE |
| Transcribing agency |
Nust |
| 082 00 - DEWEY DECIMAL CLASSIFICATION NUMBER |
| Classification number |
515.36,HAN |
| 100 1# - MAIN ENTRY--PERSONAL NAME |
| Personal name |
Hanna, J. Ray. |
| 9 (RLIN) |
103283 |
| 245 10 - TITLE STATEMENT |
| Title |
Fourier series, transforms, and boundary value problems / |
| Statement of responsibility, etc. |
J. Ray Hanna, John H. Rowland |
| 250 ## - EDITION STATEMENT |
| Edition statement |
2nd ed. / |
| Remainder of edition statement |
J. Ray Hanna and John H. Rowland. |
| 260 ## - PUBLICATION, DISTRIBUTION, ETC. |
| Place of publication, distribution, etc. |
New York : |
| Name of publisher, distributor, etc. |
Wiley, |
| Date of publication, distribution, etc. |
c1990. |
| 300 ## - PHYSICAL DESCRIPTION |
| Extent |
xii, 354 p. : |
| Other physical details |
ill. ; |
| Dimensions |
25 cm. |
| 490 1# - SERIES STATEMENT |
| Series statement |
Pure and applied mathematics |
| 505 ## - FORMATTED CONTENTS NOTE |
| Formatted contents note |
Linear Differential Equations (Page-1), Orthogonal Sets Of Functions (Page-40), Fuorier Series (Page-68), Fourier Integral (Page-102), Bessel Functions (Page-117), Legendre Polynomial (Page-142), Integral Transforms (Page-168), Applications Of Bvps (Page-219), Additional Applications (Page-270). |
| 650 #0 - SUBJECT ADDED ENTRY--TOPICAL TERM |
| Topical term or geographic name entry element |
Boundary value problems. |
| 9 (RLIN) |
689 |
| 650 #0 - SUBJECT ADDED ENTRY--TOPICAL TERM |
| Topical term or geographic name entry element |
Fourier series. |
| 9 (RLIN) |
39035 |
| 700 1# - ADDED ENTRY--PERSONAL NAME |
| Personal name |
Hanna, J. Ray. |
| 9 (RLIN) |
103283 |
| 700 1# - ADDED ENTRY--PERSONAL NAME |
| Personal name |
Rowland, John H. |
| 9 (RLIN) |
103284 |
| 830 #0 - SERIES ADDED ENTRY--UNIFORM TITLE |
| Uniform title |
Pure and applied mathematics (John Wiley & Sons : unnumbered) |
| 9 (RLIN) |
12576 |
| 856 42 - ELECTRONIC LOCATION AND ACCESS |
| Materials specified |
Publisher description |
| Uniform Resource Identifier |
<a href="http://www.loc.gov/catdir/description/wiley031/89025089.html">http://www.loc.gov/catdir/description/wiley031/89025089.html</a> |
| 856 42 - ELECTRONIC LOCATION AND ACCESS |
| Materials specified |
Table of Contents |
| Uniform Resource Identifier |
<a href="http://www.loc.gov/catdir/toc/onix01/89025089.html">http://www.loc.gov/catdir/toc/onix01/89025089.html</a> |
| 942 ## - ADDED ENTRY ELEMENTS (KOHA) |
| Source of classification or shelving scheme |
|
| Koha item type |
Book |
| Call number prefix |
515.36,HAN |